| 000 | 00660nam a2200193 4500 | ||
|---|---|---|---|
| 001 | 137580 | ||
| 003 | ES-MaACL | ||
| 005 | 20250903005545.0 | ||
| 007 | t| | ||
| 008 | 070214s1913 cl r ||||1| spa d | ||
| 100 | 1 |
_aSalazar, A. E. _9101796 |
|
| 245 | 1 | 4 |
_aLas funziones iperbólikas i su aplikazión a los problemas de injeniería eléktrica [sic] / _cA. E. Salazar. |
| 260 |
_aKillota [Valparaíso, Chile] : _bFranzisko Enrrikez, _c1913. |
||
| 300 |
_a26 p. ; _c25 cm. |
||
| 500 | _aSe ha respetado la ortografía original. | ||
| 650 | 0 | 7 |
_aFunciones (Matemáticas) _2embne _913014 |
| 852 |
_aES-MaACL _jT-1347-F-4 |
||
| 999 |
_c137580 _d137580 |
||